|
|
|
|
| LEADER |
00898cam a2200241 7i4500 |
| 001 |
0000002731 |
| 005 |
20170218090000.0 |
| 020 |
|
|
|a 9780072227833 (pbk.)
|
| 020 |
|
|
|a 0072227834 (pbk.)
|
| 090 |
0 |
0 |
|a TK5105.59
|b .H67 2003
|
| 100 |
1 |
|
|a Horton, Mike
|
| 245 |
1 |
0 |
|a Network security portable reference
|c Mike Horton, Clinton Mugge.
|
| 260 |
|
|
|a New York:
|b McGraw-Hill,
|c 2003.
|
| 300 |
|
|
|a xxv, 228 p.;
|c 23 cm.
|
| 490 |
0 |
|
|a HackNotes
|
| 500 |
|
|
|a Includes index
|
| 650 |
0 |
0 |
|a Computer networks --
|x Security measures
|
| 700 |
1 |
|
|a Mugge, Clinton
|
| 997 |
|
|
|a Communication, Visual Art & Computing, Faculty
|b Computing, Department
|
| 999 |
|
|
|a 0000010513
|b BOK
|c OPEN SHELF
|e 2nd Floor, Bestari Jaya
|
| 999 |
|
|
|a 0000023119
|b BOK
|c OPEN SHELF
|e 2nd Floor, Bestari Jaya
|
| 999 |
|
|
|a 0000023120
|b BOK
|c OPEN SHELF
|e 2nd Floor, Bestari Jaya
|
| 999 |
|
|
|a 0000023121
|b BOK
|c OPEN SHELF
|e 1st Floor, Bestari Jaya
|